|
|
|
|
| LEADER |
00000nam0a2200000 4500 |
| 001 |
281295 |
| 005 |
20231101235405.0 |
| 035 |
|
|
|a (RuTPU)RU\TPU\book\304985
|
| 090 |
|
|
|a 281295
|
| 100 |
|
|
|a 20150121d1986 m y0rusy5003 ca
|
| 101 |
0 |
|
|a rus
|
| 102 |
|
|
|a RU
|
| 105 |
|
|
|a a j 001zy
|
| 200 |
1 |
|
|a Специальные вопросы электроснабжения промышленных предприятий
|e учебное пособие для вузов
|f Г. Я. Вагин
|g Горьковский политехнический институт имени А. А. Жданова (ГПИ)
|
| 210 |
|
|
|a Горький
|c Изд-во ГПИ
|d 1986
|
| 215 |
|
|
|a 76 с.
|c ил.
|
| 320 |
|
|
|a Библиогр.: с. 76 (15 назв.)
|
| 606 |
1 |
|
|a Промышленные предприятия
|x Электроснабжение
|x Эффективность
|2 stltpush
|3 (RuTPU)RU\TPU\subj\52736
|9 71139
|
| 610 |
1 |
|
|a электрическая энергия
|
| 610 |
1 |
|
|a нормирование
|
| 610 |
1 |
|
|a экономика
|
| 610 |
1 |
|
|a потери
|
| 610 |
1 |
|
|a снижение
|
| 610 |
1 |
|
|a учебные пособия
|
| 675 |
|
|
|a 658.26:621.31(075.8)
|z rus
|v 3
|
| 700 |
|
1 |
|a Вагин
|b Г. Я.
|g Геннадий Яковлевич
|4 070
|
| 712 |
0 |
2 |
|a Горьковский политехнический институт имени А. А. Жданова (ГПИ)
|c (1950-1990)
|2 stltpush
|3 (RuTPU)RU\TPU\col\2321
|
| 801 |
|
0 |
|a RU
|b RuMRKP
|c 19950417
|g psbo
|
| 801 |
|
1 |
|a RU
|b 63413507
|c 20150121
|
| 801 |
|
2 |
|a RU
|b 63413507
|c 20170621
|g RCR
|
| 942 |
|
|
|c BK
|